Manifolds and Lie groups : papers in honor of Yozo Matsushima

Αποθηκεύτηκε σε:
Λεπτομέρειες βιβλιογραφικής εγγραφής
Άλλοι συγγραφείς: Matsushima, Yozo, 1921-1983, Hano, J. (Jun-ichi), 1926- (Επιμελητής έκδοσης)
Μορφή: Βιβλίο
Γλώσσα:English
Δημοσίευση: Boston : Birkhauser, 1981
Σειρά:Progress in mathematics (Boston, Mass.) ; 14
Θέματα:
Ετικέτες: Προσθήκη ετικέτας
Δεν υπάρχουν, Καταχωρήστε ετικέτα πρώτοι!

MARC

LEADER 00000cam a2200000 i 4500
001 1/53053
008 951025s1981 eng d
020 |a 0-8176-3053-8 
035 |1 ΕΛΗ  |a 1995  |b 2410  |c ΤΣΑΠΟΓΑΣ  |l 10044600 
040 |a GR-MY-UA  |b gre  |e aacr 
041 0 |a eng 
082 0 |a 516.07 
245 1 0 |a Manifolds and Lie groups :  |b papers in honor of Yozo Matsushima /  |c J. Hano...[et al.], eds. 
260 |a Boston :   |b Birkhauser,   |c 1981 
300 |a xii, 459 p.;  |b port.;  |c 24 cm. 
490 1 |a Progress in mathematics (Boston, Mass.)  |v ; 14 
500 |a Includes bibliographical references 
650 0 0 |a Manifolds (Mathematics) 
650 0 0 |a Lie groups. 
650 0 0 |a Speeches, addresses, etc. 
700 1 |a Matsushima, Yozo,   |d 1921-1983. 
700 1 |a Hano, J.   |q (Jun-ichi),   |d 1926-  |e edt 
830 0 |a Progress in mathematics (Boston, Mass.)  |v ; 14 
852 |a INST  |b SAMOS  |e 19951025  |h 516.07 MAN  |p 005300012054  |q 005300012054  |t BK  |y 0 
901 |a BIBL-1997-2 
909 |a Σ  |b 051505